El Economista / (Record no. 21963)

000 -CABECERA
fixed length control field 01274nam a22002417a 4500
003 - IDENTIFICADOR DEL NÚMERO DE CONTROL
control field AR-CdUCM
008 - DATOS DE LONGITUD FIJA--INFORMACIÓN GENERAL
fixed length control field 190425b ||||| |||| 00| 0 spa d
040 ## - FUENTE DE LA CATALOGACIÓN
Agencia/entidad que catalogó originalmente la obra MUNICIPALIDAD PROVINCIAL DEL CUSCO
Entidad que transcribió la catalogación BIBLIOTECA MUNICIPAL DEL CUSCO
082 ## - NÚMERO DE LA CLASIFICACIÓN DECIMAL DEWEY
No. de Clasificación Eleconom/N°1/1990
110 ## - ENTRADA PRINCIPAL--NOMBRE DE ENTIDAD CORPORATIVA
Nombre de la institución, jurisdicción como entrada principal Universidad Nacional de San Antonio Abad del Cusco
9 (RLIN) 15942
245 ## - MENCIÓN DE TÍTULO
Título El Economista /
Mención de responsabilidad Dirección del Programa Académico de Economía
260 ## - PUBLICACIÓN, DISTRIBUCIÓN, ETC.
Lugar de publicación, distribución, etc. Cusco :
Nombre de la editorial, distribuidor, etc. Dirección del Programa Académico de Economía,
Fecha de publicación, distribución, etc. 1990
300 ## - DESCRIPCIÓN FÍSICA
Nº de Páginas Extensión 18 páginas. :
Dimensiones 29 cm.
440 ## - MENCIÓN DE SERIE/PUNTO DE ACCESO ADICIONAL--TÍTULO
Título El Economista.
Número de la parte/sección de una obra Número 1, año 1990
9 (RLIN) 47007
505 ## - NOTA DE CONTENIDO CON FORMATO
Nota de contenido formateada Contenido: Revisión del estudio tarifario del suministro de energía eléctrica. -- Camisea y perfeccionamiento de la ley de hidrocarburos. -- Inti envilecido. -- Cronología histórica de la facultad de economía. -- Miembros del Consejo de Facultad. -- Relación de titulados en la facultad de Economía. -- Ley de tricentenario de la universidad Nacional San Amonio Abad del Cusco año 1992. -- Relación de docentes de la facultad de Economía<br/>
541 ## - NOTA DE FUENTE DE ADQUISICIÓN DIRECTA
Fuente de adquisición Ej. LIBUN Donación
650 ## - PUNTO DE ACCESO ADICIONAL DE MATERIA--TÉRMINO DE MATERIA
Descriptor Economía
9 (RLIN) 382
650 ## - PUNTO DE ACCESO ADICIONAL DE MATERIA--TÉRMINO DE MATERIA
Descriptor Energía Eléctrica
9 (RLIN) 18729
650 ## - PUNTO DE ACCESO ADICIONAL DE MATERIA--TÉRMINO DE MATERIA
Descriptor Hidrocarburos
9 (RLIN) 3283
700 ## - PUNTO DE ACCESO ADICIONAL--NOMBRE DE PERSONA
Nombre Personal Paliza Gallegos, Luis
9 (RLIN) 47006
942 ## - ELEMENTOS DE PUNTO DE ACCESO ADICIONAL (KOHA)
Fuente de clasificación
Tipo de item Revistas cusqueñas
945 ## - PROCESAMIENTO DE INFORMACIÓN LOCAL (OCLC)
Catalogador vhl
Holdings
Estado de retiro (separado) Fuente de clasificación o esquema de estanterías Estado dañado Ubicación Sala donde se ubica Nombre de la colección Fecha de adquisición o compra Costo, precio normal en soles Signatura topográfica Código de Barras Última vez visto (Koha) Tipo de ítem (Koha)
No     Sala Hemeroteca Sala Hemeroteca Book Cart 2022-01-21 5.00 Eleconom/N°1/1990 REVC000474 2022-01-21 Revistas cusqueñas

Powered by Koha